000 00451nam a22001817a 4500
003 MPLRDC
005 20220104124640.0
008 210129b ||||| |||| 00| 0 eng d
082 _a465 ZDY
100 _a张道一主编
245 _a民间印花布
_c
250 _a一版一刷
260 _a
_b江苏美术出版社
_c1987
300 _b
490 _a江苏民间美术丛书
650 _a染布; 颜料; 塗料
942 _cBK
_o465 ZDY
999 _c21020
_d21010